000 01003nam a2200265 i 4500
003 DO-SdBNP
005 20250116073945.0
006 a||||br|||| 00| 0
007 ta
008 230814e1994 dr a|||| |||| 00| 0 spa d
040 _aDO-SdBNP
_bspa
_cBNPHU
_erda
082 4 _222
_bG643m
245 1 0 _aMatemática y ciencias naturales:
_b8°. cuaderno de trabajo /
_cSrah González, Dulce Rodríguez, Eduardo Luna
264 4 _aSanto Domingo :
_bSecretaría de Estado de Educación Bellas Artes y Cultos,
_c1994
300 _a312 páginas :
_bIlustraciones ;
_c27 cm.
336 _2rdacontent
_atexto
_btxt
337 _2rdamedia
_asin mediación
_bn
338 _2rdacarrier
_avolumen
_bnc
500 _aIncluye datos biográficos en la contraportada
590 _aInventariado 2023 / MF
700 1 _aRodríguez, Dulce,
_929598
_eautora
700 1 _aLuna, Eduardo
_925917
_eautor
710 1 _aRepública Dominicana.
_bSecretaría de Estado de Educación, Bellas Artes y Cultos
_923965
942 _2ddc
_cLBS1
999 _c54402
_d54402